000 01256nam0a22002771 4500
001 rc\2191626
005 20260407110129.0
035 _a(NLR Aleph) 006612858
090 _a7367528
_c7367528
100 _a20110829d1979 |||y0rusy50 ca
101 0 _arus
102 _aRU
105 _ay z |||||
200 1 _aМетодика планирования объема производства отливок в приведенных тоннах
_e1-я ред.
_fНИИ экономики и планирования тяжелого и трансп. машиностроения
_g[К. э. н. А.Ф. Асабин и к. т. н. П.Г. Лузин]
210 _aСвердловск
_cНИИ экономики
_d1979
215 _a17 с.
_d20
320 _aБиблиогр.: с. 16
702 1 _aЛузин
_bП.Г.
_4220
702 1 _aАсабин
_bА.Ф.
_gАлександр Филиппович
_4220
712 0 2 _aНИИ экономики и планирования тяжелого и транспортного машиностроения
_cСвердловск
_3RU\NLR\AUTH\889937909
_9370628
801 0 _aRU
_bNLR
_gpsbo
801 1 _aRU
_bELAR
_2rusmarc
852 _aNLR
_j80-4/6377
899 _aRuMoRGB
_jM 80-5/898
942 _cBOOK
980 _aNB